Equipes de Football de Ligue 1 1997-98 - Statistiques

Statistiques générales
  • Ce quiz a été pris 146 fois
  • Le résultat moyen est 14 sur 18
Statistiques - réponses
# Équipe Pts % Correct
8. Paris Saint-Germain 50
100%
4. Olympique Marseille 57
99%
5. Girondins de Bordeaux 56
98%
6. Olympique Lyonnais 53
98%
11. FC Nantes 41
95%
1. RC Lens 68
94%
14. Stade Rennais 36
93%
13. RC Strasbourg 37
90%
15. Toulouse FC 36
89%
3. AS Monaco 59
87%
7. AJ Auxerre 51
85%
2. FC Metz 68
81%
12. Montpellier HSC 41
77%
10. Le Havre 44
60%
9. SC Bastia 50
60%
16. En Avant Guingamp 35
52%
18. AS Cannes 28
39%
17. La Berrichone Châteauroux 31
23%
Aucun quiz correspondant
Distribution des résultats
% des personnes avec chaque résultat
Percentile par nombre de réponses
Votre historique - résultats
Vous n’avez pas pris ce quiz